Vp‬ád ruskej armády na Slovensko v rokoch 1914-1915 pod cisárskou zástavou, Rakúsko-uhorská armáda a Slovensko v rokoch 1868-1914

Podrobná bibliografia
Hlavný autor: Chorvát, Peter (Autor)
Médium: Článok
Jazyk:slovenčina
Fyzický popis:Fotografie
ISSN:1336-1910
Predmet:
On-line prístup:https://www.mod.gov.sk/obrana-52023/

MARC

LEADER 00000nab a2200000 4500
001 vtls012244019
003 SK-MaSNL
005 20260304214309.0
008 231114 2023 xo 000 0 slo
015 |a SNBRB2023/05  |2 LMAOSK 
040 |a LMAOSK  |b slo  |c LMAOSK  |e rda 
041 0 |a slo 
043 |a e-xo--- 
044 |a xo  |c SK 
072 7 |a 355/359  |x Vojenstvo. Obrana krajiny. Ozbrojené sily  |2 konspekt 
072 7 |a 94(437.6)  |x Dejiny Slovenska  |2 konspekt 
080 |a (046)  |2 2011 
080 |a 355.422  |2 2011 
080 |a 355.48  |2 2011 
080 |a 94(437.6)"1867/1918"  |2 2011 
100 1 |a Chorvát, Peter  |4 aut  |9 476116 
245 1 0 |a Vp‬ád ruskej armády na Slovensko v rokoch 1914-1915  |b pod cisárskou zástavou, Rakúsko-uhorská armáda a Slovensko v rokoch 1868-1914  |c Peter Chorvát 
246 3 0 |a Pod cisárskou zástavou 
246 3 0 |a Rakúsko-uhorská armáda a Slovensko v rokoch 1868-1914 
300 |b Fotografie 
336 |a text  |b txt  |2 rdacontent 
337 |a bez média  |b n  |2 rdamedia 
338 |a zväzok  |b nc  |2 rdacarrier 
650 0 7 |a bitky  |2 SNKPH  |9 30245 
650 0 7 |a vojny  |2 SNKPH  |9 4454 
650 0 7 |a dejiny Slovenska  |2 LMAOSK  |9 1113113 
650 0 7 |a dejiny vojen  |2 SNKPH  |9 82933 
655 7 |a články  |2 SNKPH  |9 70601 
773 0 |t Obrana  |g Roč. XXXI, č. 5 (2023), s. 32-33  |x 1336-1910 
852 |a LMAOSK  |b KIS3GCP 
856 4 1 |u https://www.mod.gov.sk/obrana-52023/ 
958 |a NB 
999 |c 3140598  |d 3142528